| 000 | 01189cam a22002891i 4500 | ||
|---|---|---|---|
| 003 | SA-RiAUC | ||
| 005 | 20241224075448.0 | ||
| 008 | 241223s1978 su g 000r0cara c | ||
| 040 |
_aSA-RiAUC _bara _cSA-RiAUC _erda |
||
| 043 | _aa-su--- | ||
| 050 | 4 | _bB37 1978 | |
| 082 | 0 | 4 |
_a920.05311 _qSA-RiAUC |
| 090 |
_a920.05311 _bب س ا |
||
| 100 | 1 |
_aالبسام، عبد الله بن عبد الرحمن بن صالح، _d1346-1424 هجري _eمؤلف. |
|
| 245 | 1 | 0 |
_aعلماء نجد خلال ستة قرون / _cتأليف عبد الله بن عبد الرحمن بن صالح البسام. |
| 250 | _aالطبعة الأولى. | ||
| 264 | 1 |
_aمكة المكرمة : _bمكتبة النهضة الحديثة، _c1978 |
|
| 300 |
_a3 مجلد ؛ _c24 سم |
||
| 336 |
_aنص _btxt _2rdacontent _3كتاب |
||
| 337 |
_aبدون وسيط _bn _2rdamedia |
||
| 338 |
_aمجلد _bnc _2rdacarrier |
||
| 504 | _aيشتمل على إرجاعات ببليوجرافية. | ||
| 650 | 7 |
_aالعلماء السعوديون _zنجد _vتراجم _2aucsh |
|
| 651 | 7 |
_aنجد (السعودية) _vتراجم _2aucsh |
|
| 942 |
_2ddc _cBOOK _n0 |
||
| 949 |
_aSA-JeALM _d241223 _uosman123 _n1 |
||
| 999 |
_c3863 _d3863 |
||